Największe wyspy świata - Statystyki

Ogólne statystyki
  • Ten quiz został rozwiązany 37 razy
  • Średni wynik to 7 z 15
Statystyki odpowiedzi
Powierzchnia (km²) Odpowiedź % Poprawnych
2 130 800 Grenlandia
97%
587 713 Madagaskar
78%
209 331 Wielka Brytania
78%
748 168 Borneo
63%
138 794 Jawa
53%
225 800 Honsiu
50%
443 066 Sumatra
50%
785 753 Nowa Gwinea
47%
217 291 Wyspa Wiktorii
38%
111 583 Wyspa Północna
34%
145 836 Wyspa południowa
28%
507 451 Ziemia Baffina
28%
180 681 Celebes
25%
109 965 Luzon
22%
196 236 Wyspa Ellesmere'a
9%
Nie znaleziono quizów pasujących do podanych kryteriów
Rozkład punktacji
Procent ludzi z każdym wynikiem
Percentyl według liczby udzielonych odpowiedzi
Twoja historia wyników
Nie rozwiązałeś tego quizu